LEADER 00989nam a2200229 i 4500 001 000000247801 003 CaOOAMICUS 005 20160208000000.0 008 160208s1932 it u000 u ita u 013 $a226706 040 $aSeMil$bita 245 13$aLa leggenda della beata Umiliana de'Cerchi. 260 $aFirenze :$bGiulio Giannini & Figlio,$c1932. 300 $a46 p., [1] c. di tav., ritr. ;$c18 cm. 490 0 $aFiori di letteratura ascetica e mistica ;$v21 600 14$aCerchi, Umiliana : de' .$0(OLS)http://semarc/subject/42780 830 0$aFiori di letteratura ascetica e mistica ;$v21.$0(OLS)http://semarc/title/19183 850 $aSeMil 852 $aSeMil$W1$xVenegono$y1$m5D VIII 11/46$j198147$B198147$CSeMilBibl$Z2$F210723 $81 961 $aLascito: Milani don Felice 996 $6245$aLa leggenda della beata Umiliana de'Cerchi$9(OLS)http://semarc/title/349838 996 $6260$aFirenze :$bGiulio Giannini & Figlio$9(OLS)http://semarc/publisher/33916 LEADER 01001nam a2200217 i 4500 001 000000189907 003 CaOOAMICUS 005 20100520000000.0 008 100520s1922 it u000 u fre u 013 $a168219 040 $aSeMil$bita 100 1 $aHoornaert, Rodolphe.$0(OLS)http://semarc/name/23241 245 10$aSainte Térèse écrivain :$bSon Milieu. Ses Facultés. Son OEuvre /$cAbbé Rodolphe Hoornaert Licencié ès-Lettres. 260 $aParis ; Lille ; Bruges :$bDesclée de Brouwer & Cie,$c1922. 300 $aXIX, 652 p. ;$c19 cm. 500 $aContiene : Bibliographie. 600 04$aTeresa : d'Avila .$0(OLS)http://semarc/subject/1985 850 $aSeMil 852 $aSeMil$W1$xVenegono$y1$m3H II 168$j140538$B140538$CSeMilBibl$Z2$F152144 $81 996 $6245$aSainte Térèse écrivain :$bSon Milieu. Ses Facultés. Son OEuvre$9(OLS)http://semarc/title/273498 996 $6260$aParis ; Lille ; Bruges :$bDesclée de Brouwer & Cie$9(OLS)http://semarc/publisher/38397